000 00880pam a2200277 a 4500
008
020 _a0199273383(pbk.)
049 _aMAIN
090 _aHV9960.G7
_bASH
100 1 _aAshworth, Andrew.
245 1 4 _aThe criminal process /
_cAndrew Ashworth and Mike Redmayne.
250 _a3rd ed.
260 _aOxford :
_bOxford University Press,
_cc2005.
300 _axxii, 415 p. ;
_c24 cm.
500 _aIncludes index.
504 _aIncludes bibliographical references.
650 0 _aCriminal justice, Administration of
_zGreat Britain.
650 0 _aCriminal investigation
_zGreat Britain.
650 0 _aSentences (Criminal procedure)
_zGreat Britain.
700 1 _aRedmayne, Mike.
907 _a.b10278485
_b23-06-10
_c11-06-10
003
005 20230123125025.0
040 _cNUST
942 _cBOOKS
_kHV9960.G7
_mASH
999 _c134358
_d134358